Experiencias en biotecnología : (Registro nro. 2041)

Detalles MARC
000 -CABECERA
Campo de control 00909nam a2200265 a 4500
005 - FECHA Y HORA DE LA ULTIMA TRANSACCION
Campo de control 20160331105839.0
008 - ELEMENTOS DE LONGITUD FIJA—INFORMACION GENERAL
Campo de control 140304b2000 ck ||||| |||| 00| 0 spa d
020 ## - ISBN
ISBN 9589037933
040 ## - FUENTE DE CATALOGACIÓN
Agencia catalogadora original CO-BoIAVH
Agencia transcriptora CO-BoIAVH
041 ## - IDIOMA
Código de idioma para texto/pista de sonido o título separado Español
044 ## - PAÍS DE PUBLICACIÓN
País de publicación Colombia
082 14 - NUMERO DE CLASIFICACION DECIMAL DEWEY
Número de clasificación 660.6
Número del ítem A66e
245 10 - MENCION DE TITULO
Título Experiencias en biotecnología :
Parte restante del título empresas y centros de vinculación universidad-empresa en América Latina y el Caribe /
Mención de responsabilidad editado por Rafael Aramendis y Osiris Ocando
260 ## - PUBLICACION, DISTRIBUCION, ETC. (PIE DE IMPRENTA)
Lugar de publicación, distribución, etc. Bogotá:
Nombre del editor, distribuidor, etc. Colciencias,
-- OEa;
Fecha de publicación, distribución, etc. 2000.
300 ## - DESCRIPCION FISICA
Extensión 134 páginas.
650 14 - ASIENTO SECUNDARIO DE MATERIA - TERMINO TEMATICO
Término temático o nombre geográfico como elemento de entrada Biotecnología
9 (RLIN) 64690
650 14 - ASIENTO SECUNDARIO DE MATERIA - TERMINO TEMATICO
Término temático o nombre geográfico como elemento de entrada Transferencia de tecnología
Subdivisión geográfica América Latina
9 (RLIN) 64691
650 14 - ASIENTO SECUNDARIO DE MATERIA - TERMINO TEMATICO
Término temático o nombre geográfico como elemento de entrada Financiación
9 (RLIN) 64692
650 14 - ASIENTO SECUNDARIO DE MATERIA - TERMINO TEMATICO
Término temático o nombre geográfico como elemento de entrada Biología molecular
9 (RLIN) 64693
662 ## - ASIENTO SECUNDARIO DE MATERIA - JERARQUIA DEL NOMBRE DE LUGAR(
País o entidad mayor Colombia
662 ## - ASIENTO SECUNDARIO DE MATERIA - JERARQUIA DEL NOMBRE DE LUGAR(
País o entidad mayor Brasil
700 1# - ASIENTO SECUNDARIO - NOMBRE PERSONAL
Nombre personal Ocando, Osiris C.
Término de relación editor
9 (RLIN) 14265
700 1# - ASIENTO SECUNDARIO - NOMBRE PERSONAL
Nombre personal Aramendis Ramírez, Rafael H.
Término de relación editor
9 (RLIN) 6787
942 ## - ELEMENTOS ADICIONALES (KOHA)
Tipo de ítem Libro
Sistema de clasificación Dewey Decimal Classification
Existencias
Withdrawn status Lost status Sistema de Clasificación Damaged status No para préstamo Colección Inventariado Ubicación Permanente Ubicación actual Fecha de adquisición Fuente de Valor Valor Total Checkouts Número topográfico Inventario / Código de Barras Date last seen Ejemplar Price effective from Forma de adquisición Tipo de material
    Dewey Decimal Classification     General Inventariado 2017 Bogotá Bogotá 12/12/2002 Instituto 15000.00   LB-660.6 A66e 002536 04/12/2012 Ej. 1 04/12/2012 Donación Libro
    Dewey Decimal Classification     General Inventariado 2017 Sala Fabio Quevedo Sala Fabio Quevedo 29/01/2001 Instituto 15000.00   LB-660.6 A66e 002535 04/12/2012 Ej. 2 04/12/2012   Libro